| 000 | 00341nam a22001097a 4500 | ||
|---|---|---|---|
| 082 | _a170 | ||
| 100 |
_aDeshmukh , Srushti _982629 |
||
| 245 | _aThe Manual on Ethics,Integrity, And Aptitude For UPSC Civil Services and State services examinations | ||
| 260 |
_anew Delhi _bWiley India Pvt.Ltd., _c2024 |
||
| 650 | _aEthics | ||
| 942 | _cC. BOOKS | ||
| 999 |
_c67297 _d67297 |
||